Meranie nízkych aktivít prírodných vzoriek

Gespeichert in:
Bibliographische Detailangaben
1. Verfasser: Majer, Juraj (Verfasst von)
Weitere Verfasser: Sitek, Jozef (Betreuung Doktorarbeit)
Format: Manuskript Buch
Sprache:Slowakisch
Veröffentlicht: 2016
Schlagworte:
Online-Zugang:http://is.stuba.sk/zp/portal_zp.pl?podrobnosti=131310
Tags: Tag hinzufügen
Keine Tags, Fügen Sie das erste Tag hinzu!

MARC

LEADER 00000ntm a22000003a 4500
001 stuzp52766
003 SK-STU
005 20161003095033.6
007 ta
008 150427s2015----xo-----f-mn---000-0-slo-d
040 |a STU  |b slo 
041 0 |a slo 
044 |a xo 
100 1 |a Majer, Juraj  |u 036000  |4 aut  |U FEI Fakulta elektrotechniky a informatiky  |T FEI Ústav jadrového a fyzikálneho inžinierstva  |X 55841  |U E060  |Y 817  |7 A000055841 
242 0 1 |a Measurement of low activity natural samples  |y eng 
245 1 0 |a Meranie nízkych aktivít prírodných vzoriek 
260 |c 2016 
300 |a 69 s., príl. 
650 4 |a meranie  |2 slo 
650 4 |a gama  |2 slo 
650 4 |a aktivita  |2 slo 
650 4 |a measurement  |2 eng 
650 4 |a gama  |2 eng 
650 4 |a activity  |2 eng 
700 1 |a Sitek, Jozef  |u 036000  |k Z8  |4 ths  |U FEI Fakulta elektrotechniky a informatiky  |T FEI Ústav jadrového a fyzikálneho inžinierstva  |X 2105  |U E060  |Y 817  |7 A000002105 
856 4 |u http://is.stuba.sk/zp/portal_zp.pl?podrobnosti=131310 
996 |b 284EP11532  |c E*DIPL- 11532  |l EE36  |s P  |a 0  |w stuzp52766_0001